Un período de oposición / (Record no. 160581)

MARC details
000 -LEADER
campo de control de longitud fija 00634nam a2200181 i 4500
001 - NÚMERO DE CONTROL
campo de control 160581
003 - IDENTIFICADOR DE NÚMERO DE CONTROL
campo de control ES-MaACL
005 - FECHA Y HORA DE LA ÚLTIMA TRANSACCIÓN
campo de control 20250907063122.0
008 - DATOS DE LONGITUD FIJA--INFORMACIÓN GENERAL
campo de control de longitud fija 950412s1886 sp |||| | spa d
040 ## - FUENTE DE CATALOGACIÓN
Centro catalogador/agencia de origen AS
Lengua de catalogación spa
Centro/agencia transcriptor CCPB | SIC
100 1# - ENTRADA PRINCIPAL--NOMBRE DE PERSONA
Nombre de persona Navarro y Rodrigo, Carlos,
Fechas asociadas al nombre 1833-1903
9 (RLIN) 85192
245 13 - MENCIÓN DEL TÍTULO
Título Un período de oposición /
Mención de responsabilidad, etc. por Carlos Navarro y Rodrigo.
260 ## - PUBLICACIÓN, DISTRIBUCIÓN, ETC.
Lugar de publicación, distribución, etc. Madrid :
Nombre del editor, distribuidor, etc. [s.n.],
Fecha de publicación, distribución, etc. 1886 (
Fabricante Imprenta de los Hijos de J.A. Garcia)
300 ## - DESCRIPCIÓN FÍSICA
Extensión XXIX, 404 p. ;
Dimensiones 23 cm.
651 #4 - PUNTO DE ACCESO ADICIONAL DE MATERIA--NOMBRE GEOGRÁFICO
Nombre geográfico España-
Subdivisión general Historia-
Subdivisión cronológica 1874-1885, Alfonso XII.
9 (RLIN) 8265
852 ## - LOCALIZACIÓN
Ubicación ES-MaACL
Número de control de estantería F-11133
Nota libre -- Enc. pasta
Holdings
Estatus retirado Estado de pérdida Estado de daño No para préstamo Colección Biblioteca de origen Biblioteca actual Ubicación en estantería Fecha de adquisición Fuente de adquisición Total de préstamos Signatura topográfica completa Código de barras Visto por última vez Precio de reemplazo Tipo de ítem Koha
        Libros del s. XIX Biblioteca del Ateneo de Madrid Biblioteca del Ateneo de Madrid Sala Pecera Planta 2 17/01/2008     F-11133 1168141 23/02/2023 23/02/2023 Libro impreso antiguo